Tulsian's Business and Corporate Laws (Record no. 3057)

MARC details
005 - DATE AND TIME OF LATEST TRANSACTION
control field 20250603054841.0
020 ## - INTERNATIONAL STANDARD BOOK NUMBER
International Standard Book Number 81-219-3641-1
100 ## - MAIN ENTRY--PERSONAL NAME
Author name TULSIAN, P.C
245 ## - TITLE STATEMENT
Title Tulsian's Business and Corporate Laws
250 ## - EDITION STATEMENT
Edition statement 1st Ed.
260 ## - PUBLICATION, DISTRIBUTION, ETC.
Place of publication, distribution, etc. New Delhi
Name of publisher, distributor, etc. S. Chand & Company LTD.
Date of publication, distribution, etc. 2011
300 ## - PHYSICAL DESCRIPTION
Extent viii, 572p.: ill; tables.
Other physical details Appendix,
Dimensions 24.2 cm
942 ## - ADDED ENTRY ELEMENTS (KOHA)
Source of classification or shelving scheme Dewey Decimal Classification
Koha item type Books
Holdings
Date last seen Total checkouts Full call number Barcode Cost, replacement price Price effective from Koha item type Lost status Source of classification or shelving scheme Damaged status Not for loan Withdrawn status Home library Current library Shelving location Date acquired Source of acquisition Cost, normal purchase price
06/03/2025   346.07 TUL MBY00026 180000.00 06/03/2025 Books   Dewey Decimal Classification       CBE MBEYA CBE MBEYA Special Reserve Collection 02/21/2025 PURCHASE 60000.00
06/03/2025   346.07 TUL MBY00027 180000.00 06/03/2025 Books   Dewey Decimal Classification       CBE MBEYA CBE MBEYA General Collection 02/21/2025 PURCHASE 60000.00